000 00360nam a2200133Ia 4500
008 240624s9999 xx 000 0 und d
041 _aeng
082 _a020 BAL
100 _aBALASUBRAMANIAN P
245 _aUSERS AND USES OF LIBRARY
260 _c2011
_aNew Delhi
_bDeep & Deep Publications Pvt. Ltd.
300 _ax, : 142 : p. : cm. ; 22
365 _cRS
_b20
999 _c16580
_d16580